Tôn giáo và xã hội hiện đại Biến chuyển của lòng tin tin ở phương Tây
Salvato in:
| Autore principale: | |
|---|---|
| Natura: | Libro |
| Pubblicazione: |
Thuận Hóa
Thuận Hóa
2006
|
| Soggetti: | |
| Tags: |
Aggiungi Tag
Nessun Tag, puoi essere il primo ad aggiungerne! !
|
| Thư viện lưu trữ: | Trung tâm Học liệu Lê Vũ Hùng, Trường Đại học Đồng Tháp |
|---|
| LEADER | 00929pam a22003378a 4500 | ||
|---|---|---|---|
| 001 | 00037148 | ||
| 005 | 20171026081025.0 | ||
| 008 | 170503s2006 ||||||Viesd | ||
| 020 | |c 20000 | ||
| 041 | 0 | # | |a Vie |
| 082 | 1 | # | |a 218 |b T454GI |
| 100 | 0 | # | |a Cao, Huy Thuần |
| 245 | 1 | 0 | |a Tôn giáo và xã hội hiện đại |b Biến chuyển của lòng tin tin ở phương Tây |c Cao Huy Thuần |
| 260 | # | # | |a Thuận Hóa |b Thuận Hóa |c 2006 |
| 300 | # | # | |a 145tr. |b hình vẽ, ảnh |c 20 cm. |
| 653 | # | # | |a Tôn giáo |
| 653 | # | # | |a Xã Hội |
| 653 | # | # | |a Ảnh hưởng |
| 653 | # | # | |a Phương tây |
| 852 | # | # | |b Kho đọc |j KD.0019980 |
| 852 | # | # | |j KD.0019980 |
| 910 | |d 03/05/2017 | ||
| 980 | # | # | |a Trung tâm Học liệu Lê Vũ Hùng, Trường Đại học Đồng Tháp |